Motivasi kerja

Bibliographic Details
Main Author: Noraini Ahmad
Format: Book
Published: Kuala Lumpur : Berita Publishing Sdn.Bhd. 997
Series:Siri kaunseling dan motivasi
Subjects:

MARC

LEADER 00000cam a2200000 7i4500
001 0000022943
002 000024821
005 20080513.0
020 |a 9679694909 
090 0 0 |a 658.314   |b NOR 
100 0 |a Noraini Ahmad 
245 1 0 |a Motivasi kerja   |c Noraini Ahmad 
260 |a Kuala Lumpur :   |b Berita Publishing Sdn.Bhd. 997 
300 |a 102p. :   |b ill. ;   |c 22cm. 
490 0 |a Siri kaunseling dan motivasi 
650 0 0 |a Employee motivation 
650 0 0 |a Personality development 
999 |a 076033   |b BUKU   |c PINJAMAN   |e PERPUSTAKAAN KOMUNITI PETALING JAYA 
999 |a 076034   |b BUKU   |c PINJAMAN   |e PERPUSTAKAAN KOMUNITI PETALING JAYA